| 000 | 00790nam a22001937i 4500 | ||
|---|---|---|---|
| 999 |
_c23204 _d23204 |
||
| 003 | AR-CdUCM | ||
| 008 | 250129b20162016 pe||||| |||| 00| 0 spa d | ||
| 020 | _a978-9942-14-180-4 | ||
| 040 |
_aMUNICIPALIDAD PROVINCIAL DEL CUSCO _cBIBLIOTECA MUNICIPAL DEL CUSCO |
||
| 041 | _hspa | ||
| 082 |
_a869.62 / V66 _bV66 |
||
| 100 |
_aVillaroel León, Guadalupe _950984 |
||
| 245 | _aDe Corazón a Corazón : | ||
| 260 |
_aEcuador : _c2016 |
||
| 300 |
_a133 páginas. : _c|21x15 cm. |
||
| 505 | _aÁrbol -- El colibrí -- Tempestad -- El bosque -- Luna llena -- Mar y tierra -- Montaña azul - Vida y paisaje -- Juventud - despedida -- Música -- Amiga por siempre -- Rutina -- añoranza -- A mi hija -- Mi madre -- Esencia vital -- Hiroshima | ||
| 942 |
_2ddc _cLIBROS |
||
| 945 |
_apbjr _d29-01-2025 |
||